Drying and storage of grains and oilseeds (Record no. 16329)
[ view plain ]
| 000 -LEADER | |
|---|---|
| fixed length control field | 00449nam a22001697a 4500 |
| 003 - CONTROL NUMBER IDENTIFIER | |
| control field | OSt |
| 005 - DATE AND TIME OF LATEST TRANSACTION | |
| control field | 20211102151211.0 |
| 008 - FIXED-LENGTH DATA ELEMENTS--GENERAL INFORMATION | |
| fixed length control field | 211102b |||||||| |||| 00| 0 eng d |
| 020 ## - INTERNATIONAL STANDARD BOOK NUMBER | |
| International Standard Book Number | 0-442-20515-5 |
| 040 ## - CATALOGING SOURCE | |
| Transcribing agency | Hawassa university |
| 050 ## - LIBRARY OF CONGRESS CALL NUMBER | |
| Classification number | 633.1046/BRO |
| 082 ## - DEWEY DECIMAL CLASSIFICATION NUMBER | |
| Classification number | 633.1046/BRO |
| 100 ## - MAIN ENTRY--PERSONAL NAME | |
| Personal name | Brooker donald b. |
| 9 (RLIN) | 16648 |
| 245 ## - TITLE STATEMENT | |
| Title | Drying and storage of grains and oilseeds |
| 260 ## - PUBLICATION, DISTRIBUTION, ETC. | |
| Place of publication, distribution, etc. | New york |
| Name of publisher, distributor, etc. | An avi book |
| Date of publication, distribution, etc. | 1992 |
| 942 ## - ADDED ENTRY ELEMENTS (KOHA) | |
| Source of classification or shelving scheme | Dewey Decimal Classification |
| Koha item type | Books like text book referance book |
| Suppress in OPAC | No |
| Withdrawn status | Lost status | Source of classification or shelving scheme | Damaged status | Not for loan | Home library | Current library | Date acquired | Total Checkouts | Full call number | Barcode | Date last seen | Copy number | Price effective from | Koha item type |
|---|---|---|---|---|---|---|---|---|---|---|---|---|---|---|
| Dewey Decimal Classification | College of Agriculture Library | College of Agriculture Library | 11/02/2021 | 633.1046/BRO | ALIB0010431 | 11/02/2021 | C 1 | 11/02/2021 | Books like text book referance book | |||||
| Dewey Decimal Classification | College of Agriculture Library | College of Agriculture Library | 11/02/2021 | 633.1046/BRO | ALIB0010432 | 11/02/2021 | C 2 | 11/02/2021 | Books like text book referance book | |||||
| Dewey Decimal Classification | College of Agriculture Library | College of Agriculture Library | 11/02/2021 | 633.1046/BRO | ALIB0010433 | 11/02/2021 | C 3 | 11/02/2021 | Books like text book referance book | |||||
| Dewey Decimal Classification | College of Agriculture Library | College of Agriculture Library | 11/02/2021 | 633.1046/BRO | ALIB0010434 | 11/02/2021 | C 4 | 11/02/2021 | Books like text book referance book | |||||
| Dewey Decimal Classification | College of Agriculture Library | College of Agriculture Library | 11/02/2021 | 633.1046/BRO | ALIB0010435 | 11/02/2021 | C 10 | 11/02/2021 | Books like text book referance book | |||||
| Dewey Decimal Classification | College of Agriculture Library | College of Agriculture Library | 11/02/2021 | 633.1046/BRO | ALIB0010436 | 11/02/2021 | C 11 | 11/02/2021 | Books like text book referance book |